Darwin 1809 - 1882 : publicació d'homenatge en el centenari de la seva mort / Museu de Zoologia publicació d'homenatge en el centenari de la seva mort / Museu de Zoologia
Descripción Física:
39 p. : il. ; 20 cm
MARC
| LEADER | 00000nam a2200000Ia 4500 | ||
|---|---|---|---|
| 001 | 19329 | ||
| 003 | BGR | ||
| 005 | 20260324180112.0 | ||
| 008 | 160829s1982 xx 000 0 cat d | ||
| 080 | |a FU-3-64 | ||
| 110 | 1 | |a Museu de Zoologia (Barcelona) |9 70671 | |
| 245 | |a Darwin 1809 - 1882 : |b publicació d'homenatge en el centenari de la seva mort / Museu de Zoologia | ||
| 260 | |a Barcelona : |b el Museu, |c 1982 | ||
| 300 | |a 39 p. : |b il. ; |c 20 cm | ||
| 590 | |a Bibliografia. | ||
| 590 | |a A la part inferior de la portada: Ajuntament de Barcelona. Serveis de Cultura | ||
| 650 | |a Evolució (Biologia) |9 37971 | ||
| 650 | |a Evolució humana |9 42963 | ||
| 650 | |a Darwin, Charles | ||
| 710 | 1 | |a Barcelona (Catalunya). |b Ajuntament |9 50981 | |
| 901 | |a Arxiu | ||
| 942 | |n 1 |2 udc |c MON | ||
| 952 | |0 0 |1 0 |4 0 |6 FU364 |7 1 |9 53176 |a Arxiu |b Arxiu |d 2016-12-01 |l 0 |o FU-3-64 |p 19329 |r 2016-12-01 00:00:00 |w 2016-12-01 |y ARXIU | ||
| 999 | |c 57025 |d 57025 | ||